Trilobites of the upper Cambrian Dunderberg Shale Eureka district, Nevada /

Bibliographic Details
Main Author: Palmer, Allison R.
Format: Government Document Book
Language:English
Published: Washington, DC : U.S. Gov. Print. Off, 1960.
Series:Geological Survey professional paper ; 334-C.

MARC

Tag First Indicator Second Indicator Subfields
LEADER 00000cam a2200000Mi 4500
001 in00002784573
005 20151202171846.0
008 020211s1960 dcu 000 0 eng d
035 |a (OCoLC)ocn248792414 
035 |a (OCoLC)248792414 
040 |a GyGoGBV  |e rakwb  |b ger  |c GBVCP  |d UtOrBLW 
049 |a TXAM 
086 |a I 19.16:334-C 
100 1 |a Palmer, Allison R. 
245 1 0 |a Trilobites of the upper Cambrian Dunderberg Shale Eureka district, Nevada /  |c Allison R. Palmer. 
264 1 |a Washington, DC :  |b U.S. Gov. Print. Off,  |c 1960. 
300 |a III S., S. 53 - 109 pages, 9 unnumbered pages Bl :  |b illustrations, Kt. 
336 |a text  |b txt  |2 rdacontent 
337 |a unmediated  |b n  |2 rdamedia 
338 |a volume  |b nc  |2 rdacarrier 
490 1 |a Geological Survey professional paper ;  |v 334-C 
830 0 |a Geological Survey professional paper ;  |v 334-C. 
948 |a cataloged  |b h  |c 2012/12/14  |d c  |e mvaldespin  |f 09:00:17 am 
994 |a C0  |b TXA 
999 |a MARS 
999 f f |s f3460f0d-b045-3b4e-a770-f077e62c3d7d  |i a05d677a-6864-3be4-b948-2e5f6d8ecf74  |t 0 
952 f f |p normal  |a Texas A&M University  |b College Station  |c Sterling C. Evans Library  |d Evans: US Documents (Annex 5th floor)  |t 0  |e I 19.16:332-334  |h Superintendent of Documents classification  |i unmediated -- volume  |m A14833914390 
952 f f |a Texas A&M University  |b College Station  |c Sterling C. Evans Library  |d Evans: US Documents (Annex 5th floor)  |t 0  |e I 19.16:332-334  |h Superintendent of Documents classification 
998 f f |a I 19.16:332-334  |t 0  |l Evans: US Documents (Annex 5th floor)